| 000 | 00436nam a2200145Ia 4500 | ||
|---|---|---|---|
| 999 |
_c17533 _d17533 |
||
| 082 | _aTL.0041 | ||
| 100 | _aLokre, Shrinivas Laxman | ||
| 245 | 0 | _aOEEC countries and India | |
| 260 |
_c0 _bNagpur University |
||
| 300 | _a250p. + C D - 46 | ||
| 650 | _aINDIA - FOREIGN ECONOMIC RELATIONS - EUROPEAN ECONOMIC COMMUNITY COUNTRIES | ||
| 650 | _aORGANIZATION OF EUROPEAN ECONOMIC COUNTRIES | ||
| 710 | _aDeshpande, S.A | ||
| 942 |
_cTH _2ddc |
||